| 000 | 08295nam a2200397 i 4500 | ||
|---|---|---|---|
| 001 | 000039325 | ||
| 003 | DO-SdBPM | ||
| 005 | 20260128083346.0 | ||
| 007 | ta | ||
| 008 | 130621s2012 dr acg 000 0 spa d | ||
| 020 | _a9789945882032 | ||
| 040 |
_aDO-SdBPM _bspa _cBPMSU _erda _d |
||
| 041 | _aspa | ||
| 082 | 4 |
_a781.65098 _bC749j 2012 _222 |
|
| 111 | 2 |
_aCongreso Internacional Música, Identidad y Cultura en el Caribe _n(4. : _b2012 : _cSanto Domingo) |
|
| 245 | 1 | 3 |
_aEl jazz desde la perspectiva caribeña : _bmemorias del IV Congreso Ingernacional Música, Identidad y Cultura en el Caribe / _ceditores, Darío Tejeda, Rafael Emilio Yunén ; fotografías, José Enrique Tavárez, Alberto Morel, Miguel Tomás Pérez. |
| 264 |
_aSantiago de los Caballeros, República Dominicana : _bCentro León, _bInstituto de Estudios Caribeños, _c2012. |
||
| 300 |
_a516 páginas : _bilustraciones, gráficos, retratos ; _c26 cm. |
||
| 336 |
_atexto _btxt _2rdacontent |
||
| 337 |
_asin mediación _bn _2rdamedia |
||
| 338 |
_avolumen _bnc _2rdacarrier |
||
| 500 | _aIncluye referencias bibliográficas y notas al pie de las páginas | ||
| 505 | 0 | _a Introducción. El IV Congreso MIC-Santiago de los Caballeros. La ciudad del Congreso -- Declaración del Congreso Internacional Música, Identidad y Cultura en el Caribe como evento de alto interés cultural -- Discursos, conferencias y relatoría : Palabras de Bernarda Jorge. Viceministro de creatividad y participación popular. Palabras inauguras a nombre del licenciado José Rafael Lantigua, Ministro de Cultura de República Dominicana ; Palabras de Rafael Emilio Yunén, director general del Centro León; Palabras de Darío Tejeda, director del Instituto de Estudios Caribeños (INEC); Relatoría final del IV Congreso Internacional Música, Identidad y Cultura en El Caribe (MIC), "El jazz Desde entonces la perspectiva caribeña" -- Conferencias magistrales y panel especial : Influencias recíprocas entre El jazz y la música caribeña / Cristóbal Díaz Ayala; Fronteras es El jazz latino / Luc Delannoy ;El jazz en República Dominicana / José G. Guerrero ;El jazz en República Dominicana: paradojas y creatividad / Paul Austerlitz ; Fue El Merengue típico El cebador jazz¿ dominicano? Un análisis de técnicas compartidas / Sydney Hutchinson -- Mesa de trabajo I. El jazz caribeño busca su fisonomía :La Música caribeña y El jazz latino: identidad y definición: Diferencias entre El jazz latino y El jazz latinoamericano/César Pagano Villegas; Evolución deljazz latino: discrepancias y avenencias / Nat Chediak; Entre El afligido, El folclore El jazz. Una perspectiva personal sobrela encrucijada de la música caribeña y El jazz con un posible sistema para calificar El jazz latino / Benjamin Lapidus -- Percusión e instrumentación en El jazz caribeño: Una mirada a la música afro-caribeña Desde entonces El contrabajo y sus intérpretes en El jazz latino / Wilson Reinaldo Cifuentes Lombo ; Percusión e instrumentación en la experiencia del jazz cubano / Bobby Carcassés -- Estudios del jazz y la improvisación en El Caribe : "Amor, solo amor" es las Bahamas: una exploración del Pasado,El Presente y El futuro de Goombay / Christine Gangelhoff, Christian Justilien, Christy Lee --El jazz es la literatura y la bibliografía del Caribe : Apuntes para una bibliografía jazzística caribeña / Jimmy Hungría --El jazz caribeño : la experiencia de Puerto Rico: Visión del jazz puertorriqueño contemporáneo / Humberto Ramírez ; Una breve visión del jazz puertorriqueño contemporáneo / Giovanni Hidalgo -- Mesa de trabajo II. Los Caminos deljazz: estados unidos yElCaribe: Visiones deljazzlatino en Estados Unidos : El baile perdido: "Cuban Pete" Aguilar y Joyce Bryant / Jim Byers ; Soul sauce: la influencia del vibrafonista Cal Tjader en el mundo del latinjazz/ Heather Sloan --El jazzlatino en Estados Unidos: historia y conservación : Imaginación estética e innovaciones técnicas de los músicos latinos: impacto enEllatínJazzy enlamúsica popular estadounidense / Leopoldo Tablante ; Testimonio sobreEl jazzlatino enlaciudad de Nueva York / Bobby Sanabria -- Encuentro: Festivales deJazzdel Gran Caribe I : PanamáJazzFestival 2003-2011. Un Exitoso Recorrido / Patricia Zárate; Barquisimeto esElmapa mundial de los Festivales Internacionales deJazz/ Zuly Perdomo Mattey ;ElSanto DomingoJazzFestival / Freddy Ginebra -- Encuentro: Festivales deJazzdel Gran Caribe II :ElFestival Puerto RicoJazzJam/Humberto Ramírez; Experiencias de República DominicanaJazzFestival / Lorenzo Sancassani, Adolfo Faringhton --El jazzylaeducación: caminos de enseñanza : QueEl jazzcapaz por sí solo / Julie A. Sellers ;El jazzintegrado alaeducación musical / Luis Marín -- Mesa de trabajo III>El Jazzeslaisla hispaniola: república dominicana y haití:Elmerengue-jazzen República Dominicana : Interacción del merengue yEl jazz/ Manuel Tejada ;Lainfluencia deljazzdentro del merengue.Elpapel de Tavito Vásquez/Juan Colón; Testimonio sobreElmerengue-jazz/ Darío Estrella --El jazzylamusica religiosa popular dominicana. Orígenes y rasgos musicales comunes / Vicente Basilio Ortiz Lledó; Las raíces afro-dominicanas esEl jazz. Un diálogo entre artistas / Xiomara Fortuna, Tony Vicioso --El jazzy las herencias musicales en República Dominicana y Haití : Los caminos deljazzylafusión conlas tradiciones musicales en República Dominicana y Haití : Los caminos deljazzylafusión conlas tradiciones musicales (afrodescendientes) en República Dominicana y Haití / Pascale Juanay, Rossy Díaz ; Testimonio sobreEl jazzen Haití / Thurgot Theodat ; Testimonio sobreEl Jazzen Haití / Pierre Rigaud Chery, Chantal Drice --El jazzen República Dominicana I: orquestas y artistas : Presencia delJazzeslaOrquestas dominicanas enladécada de los años 50 / Luis Aquino ;ElPapá Bocó delJazzDominicana / José del Castillo --El jazzen República Dominicana II: Protagonistas : Félix del Rosario: Un alma dejazzen un cuerpo merenguero / Marivell Contreras; Porfi Jiménez: corazón dejazz/ Maritza Jiménez; Influencias deljazzeslamúsica de Wilfrido Vargas / Máximo Jiménez -- Mesa de Trabajo IV.El JazzesElgran caribe y brasil : Estudios deljazzen Cuba I : Apuntes para un estudio deljazzEn Cuba olas consecuencias del lleva y trae entreEl jazzylamúsica cubana / Antonio Gómez Sotolongo ; SobreEl jazzylas intérpretes femeninas en Cuba / Yarelis Domínguez Benejam ; influencia delalas corrientes modernas deljazzesElpensamiento armónico y melódico de los compositores del danzón de nuevo ritmo.Laorquesta de Arcaño y sus maravillas / José Loyala Fernández -- Estudios delJazzen Cuba II :Eldanzón un estilo deljazz? Versiones dejazzde un género tradicional de Gonzalo Rubalcaba / Christa Bruckner-Haring ; "PM" en sus contextos artísticos / Jerry W. Carlson -- Bossa y samba-jazz en Brasil: Samba-Jazz: uma possível periodização / Marcelo Silva Gomes ; Iván Lins. El lenguaje compositivo y El jazz/ Thaís Lima Nicodemo ; Novos Caminhos da Bateria Brasileira / Sergio Gomes --El jazz latino en Colombia y Panamá :La presencia del jazz es la música del Caribe colombiano / Rafael Bassi La barrera ; Los pianistas antes de Danilo Pérez / Mario García Hudson --El jazz en Venezuela: En busca de un jazz venezolano/Raúl Abzueta; Experiencias personales sobre la evolución del jazz latino en Venezuela / Andy Durán ;El Jazz Venezolano visto Desde entonces la radio / Juan Carlos Carrano --La Tertulias de los Artistas / Poncho Sánchez, Justo Almario, Crispín Fernández. | |
| 546 | _aTexto eminentemente en español, con dos aportaciones en inglés y una en portugués. | ||
| 590 | _aInventariado, 2026/ VM | ||
| 650 | 7 |
_a Jazz _zCaribe (Región) _xHistoria y crítica _vCongresos, conferencias, etc. |
|
| 650 | 7 |
_aMúsica de jazz _zRepública Dominicana _xCongresos, conferencias, etc |
|
| 650 | 7 |
_aJazz latino _xHistoria y crítica. |
|
| 700 | 1 |
_aTejada, Darío _eeditor _4ed. |
|
| 700 | 1 |
_aYunén, Rafael Emilio _d1952- _eeditor _4ed. |
|
| 700 | 1 | 2 |
_aTavárez, José Enrique _efotógrafo _4fot. |
| 700 | 1 |
_aMorel, Alberto _efotógrafo _4fot. |
|
| 700 | 1 |
_aPérez, Miguel Tomás _efotógrafo _4fot. |
|
| 910 | _aVMateo V. Control de calidad BPMSU | ||
| 942 |
_2ddc _cBK |
||
| 999 |
_c15632 _d15632 |
||